000 00803nam a2200241Ia 4500
003 OSt
005 20220923213638.0
006 a|||||r|||| 00| 0
007 ta
008 220922b |||||||| |||| 00| 0 hin d
024 _a163,764
037 _cTextual
040 _aARTS
_cARTS
_bhin
041 _2hin
_ahin
082 _aO152,1M89,18, J8;L1
100 _aजयशंकर प्रसाद
245 0 _aकामायनी
_b मूल पाण्डूलिपि की प्रति कृति
246 _aKāmāyanī: mūl pāṇḍūlipi kī prati kṛuti
260 _c1971
650 _aहिन्दी साहित्य
_9156264
942 _hO152,1M89,18, J8;L1
_cTEXL
_2CC
999 _c318244
_d318244